[Event "CHN-ch"]
[Site "Xinghua"]
[Date "2025.06.29"]
[Round "7"]
[White "Zhang, Di"]
[Black "Peng, Xiongjian"]
[Result "1/2-1/2"]
[WhiteElo "2446"]
[BlackElo "2520"]
[PlyCount "154"]
[EventDate "2025.06.23"]
[EventType "swiss"]
[EventRounds "11"]
[EventCountry "CHN"]
[SourceTitle "CB28_2025"]
[SourceDate "2025.07.09"]
[SourceVersion "1"]
[SourceVersionDate "2025.07.09"]
[SourceQuality "1"]

1. e4 e6 2. d4 d5 3. e5 c5 4. c3 Nc6 5. Nf3 Bd7 6. Be2 Nge7 7. 0-0 Ng6 8. Be3 Be7 9. Nbd2 0-0 10. a3 cxd4 11. cxd4 a5 12. Nb3 a4 13. Nc1 Na5 14. Nd3 Nc4 15. g3 Qb6 16. h4 Rfc8 17. Bd2 Bb5 18. h5 Nf8 19. h6 Nxd2 20. Qxd2 g6 21. Rfc1 Nd7 22. Bf1 Qd8 23. Qf4 Bc4 24. Nc5 Nxc5 25. Bxc4 Ne4 26. Bf1 Ng5 27. Nh2 Rxc1 28. Qxc1 Qb6 29. Qd1 f5 30. Rb1 Ne4 31. Qd3 Rc8 32. Nf3 Qb3 33. Qxb3 axb3 34. Bd3 Bf8 35. Bxe4 fxe4 36. Nd2 Bxh6 37. Nxb3 b6 38. a4 Rc2 39. Na1 Rc4 40. b4 Rxd4 41. a5 bxa5 42. bxa5 Bf8 43. Nb3 Rb4 44. a6 Bc5 45. Nd2 Ra4 46. Rb8+ Bf8 47. Rb6 Ra1+ 48. Kg2 e3 49. fxe3 Ra2 50. Kh3 Rxd2 51. a7 Ra2 52. Rb7 Ra3 53. Rc7 Ra4 54. g4 Ra3 55. Kg2 h6 56. Rb7 Ra4 57. Kf3 Ra2 58. Rc7 Ra3 59. Kg2 h5 60. gxh5 gxh5 61. Kh2 Bh6 62. Rc8+ Kf7 63. a8Q Rxa8 64. Rxa8 Bxe3 65. Kg3 Kg6 66. Rf8 Bg5 67. Kf3 Bh4 68. Kf4 Bg5+ 69. Kf3 d4 70. Ke4 h4 71. Re8 h3 72. Rxe6+ Kf7 73. Ra6 h2 74. Ra1 Be3 75. Rh1 Bg1 76. Rxh2 Bxh2 77. Kxd4 Bxe5+ 1/2-1/2

[Event "CHN-ch"]
[Site "Xinghua"]
[Date "2025.06.27"]
[Round "5"]
[White "Xie, Jiaxiang"]
[Black "Zhang, Di"]
[Result "0-1"]
[WhiteElo "2237"]
[BlackElo "2446"]
[PlyCount "60"]
[EventDate "2025.06.23"]
[EventType "swiss"]
[EventRounds "11"]
[EventCountry "CHN"]
[SourceTitle "CB28_2025"]
[SourceDate "2025.07.09"]
[SourceVersion "1"]
[SourceVersionDate "2025.07.09"]
[SourceQuality "1"]

1. e4 c5 2. Nf3 g6 3. d4 cxd4 4. Nxd4 Bg7 5. Nc3 Nc6 6. Be3 Nf6 7. Nxc6 bxc6 8. e5 Ng8 9. f4 Nh6 10. Qd2 0-0 11. 0-0-0 d6 12. h3 Nf5 13. Bf2 c5 14. Bc4 Bb7 15. Bd5 Bxd5 16. Qxd5 e6 17. Qc4 Qb6 18. g4 Rab8 19. b3 Nd4 20. Na4 Qa5 21. c3 d5 22. Qxc5 Nb5 23. Be1 Rfc8 24. Qf2 Bf8 25. Rf1 d4 26. f5 Bh6+ 27. Kb1 dxc3 28. Ka1 Qc7 29. Qc2 Qxe5 30. fxg6 hxg6 0-1

[Event "CHN-ch"]
[Site "Xinghua"]
[Date "2025.06.24"]
[Round "2"]
[White "Peng, Zihao"]
[Black "Zhang, Di"]
[Result "0-1"]
[WhiteElo "1878"]
[BlackElo "2446"]
[PlyCount "72"]
[EventDate "2025.06.23"]
[EventType "swiss"]
[EventRounds "11"]
[EventCountry "CHN"]
[SourceTitle "CB28_2025"]
[SourceDate "2025.07.09"]
[SourceVersion "1"]
[SourceVersionDate "2025.07.09"]
[SourceQuality "1"]

1. d4 Nf6 2. c4 e6 3. Nf3 b6 4. Nc3 Bb4 5. Bd2 Bb7 6. e3 0-0 7. Bd3 d5 8. cxd5 exd5 9. 0-0 a6 10. Qc2 Re8 11. Ne5 Bd6 12. f4 c5 13. Be1 cxd4 14. exd4 Nc6 15. Bf2 Nb4 16. Qb1 Nxd3 17. Qxd3 Ne4 18. Nxe4 dxe4 19. Qb3 Qe7 20. Qxb6 Bd5 21. Qa5 Qb7 22. Be3 Rac8 23. Rfc1 f6 24. Nd7 Bf7 25. Nc5 Qxb2 26. Qxa6 Bxf4 27. Bxf4 Qxd4+ 28. Kh1 Rxc5 29. Rd1 Qb2 30. a4 e3 31. Qa7 Bd5 32. Rg1 Qd4 33. Bd6 Bxg2+ 34. Rxg2 Qxa1+ 35. Rg1 Qxg1+ 36. Kxg1 e2 0-1

[Event "Dongtai Rebecca Cup op"]
[Site "Dongtai"]
[Date "2025.06.21"]
[Round "8"]
[White "Zhang, Di"]
[Black "Chen, Zhi"]
[Result "1/2-1/2"]
[WhiteElo "2446"]
[BlackElo "2177"]
[PlyCount "81"]
[EventDate "2025.06.17"]
[EventType "swiss"]
[EventRounds "9"]
[EventCountry "CHN"]
[SourceTitle "CB26_2025"]
[SourceDate "2025.06.25"]
[SourceVersion "1"]
[SourceVersionDate "2025.06.25"]
[SourceQuality "1"]

1. e4 c5 2. Nf3 e6 3. d4 cxd4 4. Nxd4 a6 5. h3 Nf6 6. Bd3 d5 7. e5 Bc5 8. Nb3 Nfd7 9. Nxc5 Nxc5 10. Qg4 Qc7 11. Bf4 0-0 12. Nd2 Nc6 13. Qg3 Nxd3+ 14. cxd3 Nd4 15. Rd1 Qc2 16. Qe3 Nf5 17. Qe2 Nd4 18. Qe3 Qxb2 19. 0-0 Nf5 20. Qf3 Bd7 21. g4 Nh4 22. Qe3 Ba4 23. Rb1 Qxd2 24. Qxd2 Nf3+ 25. Kg2 Nxd2 26. Bxd2 Bb5 27. Rfc1 Rfc8 28. d4 b6 29. Rxc8+ Rxc8 30. a4 Bxa4 31. Rxb6 Bb5 32. Bb4 h6 33. Bc5 Bd3 34. Rb7 Ra8 35. h4 a5 36. Ra7 Rxa7 37. Bxa7 g5 38. hxg5 hxg5 39. Bc5 a4 40. Kg3 Be2 41. f4 1/2-1/2

[Event "CHN-chT"]
[Site "Hebei"]
[Date "2025.05.02"]
[Round "8.7"]
[White "Zhang, Di"]
[Black "Chen, Zhi"]
[Result "1-0"]
[WhiteElo "2406"]
[BlackElo "2094"]
[PlyCount "103"]
[EventDate "2025.04.25"]
[EventType "team-swiss"]
[EventRounds "9"]
[EventCountry "CHN"]
[SourceTitle "CB20_2025"]
[SourceDate "2025.05.14"]
[SourceVersion "1"]
[SourceVersionDate "2025.05.14"]
[SourceQuality "1"]
[WhiteTeam "Beijing"]
[BlackTeam "Zhejiang"]
[WhiteTeamCountry "CHN"]
[BlackTeamCountry "CHN"]

1. e4 e5 2. Nf3 Nf6 3. d4 Nxe4 4. Bd3 d5 5. dxe5 Nc5 6. Be2 Be7 7. Nbd2 Nc6 8. 0-0 0-0 9. Re1 Ne4 10. Nf1 Bc5 11. Be3 d4 12. N1d2 dxe3 13. Nxe4 exf2+ 14. Nxf2 Nd4 15. c3 Nf5 16. Bd3 Ne3 17. Qd2 Ng4 18. Nd4 Bb6 19. Nxg4 Bxg4 20. Qf4 Bh5 21. Kh1 c5 22. e6 fxe6 23. Qe4 Bg6 24. Qxe6+ Kh8 25. Bxg6 Rf6 26. Qh3 Rxg6 27. Nf3 Bc7 28. Qf5 Bd6 29. Rad1 Qf6 30. Qd7 h6 31. Re2 Qf4 32. Qxb7 Rf8 33. Rde1 Rgf6 34. Qxa7 Qc4 35. Qb7 Qxa2 36. Re8 Qc4 37. Qd7 Rxe8 38. Qxe8+ Rf8 39. Qe3 Qf4 40. Qe2 g5 41. h3 h5 42. Qd2 g4 43. hxg4 hxg4 44. Qxf4 Rxf4 45. Nd2 c4 46. g3 Rf5 47. Kg2 Bc5 48. Re2 Rd5 49. Nxc4 Rd1 50. Ne5 Kg7 51. Nxg4 Kg6 52. Kf3 1-0

[Event "CHN-chT"]
[Site "Hebei"]
[Date "2025.04.25"]
[Round "1.3"]
[White "Fan, Huifeng"]
[Black "Zhang, Di"]
[Result "0-1"]
[WhiteElo "2178"]
[BlackElo "2406"]
[PlyCount "50"]
[EventDate "2025.04.25"]
[EventType "team-swiss"]
[EventRounds "9"]
[EventCountry "CHN"]
[SourceTitle "CB20_2025"]
[SourceDate "2025.05.14"]
[SourceVersion "1"]
[SourceVersionDate "2025.05.14"]
[SourceQuality "1"]
[WhiteTeam "Heilongjiang"]
[BlackTeam "Beijing"]
[WhiteTeamCountry "CHN"]
[BlackTeamCountry "CHN"]

1. e4 c5 2. c3 Nf6 3. e5 Nd5 4. Nf3 Nc6 5. d4 cxd4 6. cxd4 e6 7. Bc4 d6 8. 0-0 Be7 9. Qe2 0-0 10. Nc3 Nxc3 11. bxc3 dxe5 12. dxe5 Qc7 13. Qe4 b6 14. Re1 Bb7 15. Qg4 Rfd8 16. Bh6 Bf8 17. Re3 Ne7 18. Ng5 Nf5 19. Rh3 Qxe5 20. Nxh7 Nxh6 21. Rxh6 Be7 22. Bxe6 fxe6 23. Rxe6 Qxc3 24. Ree1 Kxh7 25. Rac1 Qf6 0-1

[Event "China zt 3.5"]
[Site "Jiangxi"]
[Date "2025.03.28"]
[Round "7"]
[White "Zhang, Di"]
[Black "Peng, Hongchi"]
[Result "1-0"]
[WhiteElo "2406"]
[BlackElo "2419"]
[PlyCount "87"]
[EventDate "2025.03.22"]
[EventType "swiss"]
[EventRounds "9"]
[EventCountry "CHN"]
[SourceTitle "CB14_2025"]
[SourceDate "2024.11.01"]
[SourceVersion "1"]
[SourceVersionDate "2024.11.01"]
[SourceQuality "1"]

1. e4 c5 2. Nf3 d6 3. Bb5+ Nd7 4. a4 a6 5. Bc4 Ngf6 6. Nc3 g6 7. 0-0 Bg7 8. d4 cxd4 9. Nxd4 0-0 10. Re1 Qc7 11. Bf1 Re8 12. h3 h6 13. Nd5 Nxd5 14. exd5 Nb6 15. Nb3 Bd7 16. a5 Na4 17. c3 Rab8 18. Re4 b5 19. axb6 Nxb6 20. Rxa6 Qb7 21. Rb4 Qxd5 22. Qe1 Na4 23. Ra5 Qe6 24. Qxe6 Bxe6 25. Rab5 Ra8 26. Nd4 Bd7 27. Rb7 Nc5 28. Rc7 Ra1 29. Be3 Rd8 30. Rb6 Rb1 31. Nf3 Ne4 32. g4 h5 33. Kg2 hxg4 34. hxg4 Nf6 35. Bc4 Be6 36. Bxe6 fxe6 37. Ra7 Nd5 38. Rbb7 Rc8 39. Bg5 Kf7 40. Bxe7 Kg8 41. Bxd6 Bf6 42. g5 Bh8 43. Nh2 Rd1 44. Ng4 1-0

[Event "China zt 3.5"]
[Site "Jiangxi"]
[Date "2025.03.25"]
[Round "4"]
[White "Xu, Yi"]
[Black "Zhang, Di"]
[Result "0-1"]
[WhiteElo "2480"]
[BlackElo "2406"]
[PlyCount "122"]
[EventDate "2025.03.22"]
[EventType "swiss"]
[EventRounds "9"]
[EventCountry "CHN"]
[SourceTitle "CB14_2025"]
[SourceDate "2024.11.01"]
[SourceVersion "1"]
[SourceVersionDate "2024.11.01"]
[SourceQuality "1"]

1. e4 c5 2. Nf3 d6 3. d4 cxd4 4. Nxd4 Nf6 5. Nc3 Nc6 6. Bg5 e6 7. Qd2 a6 8. 0-0-0 Bd7 9. Kb1 h6 10. Be3 Qc7 11. Nxc6 Bxc6 12. f3 b5 13. Bd3 Be7 14. Ne2 Nd7 15. Nd4 Bb7 16. Rhe1 Ne5 17. f4 Nc4 18. Qf2 Nxe3 19. Qxe3 0-0 20. f5 Bg5 21. Qh3 Bf6 22. Nf3 exf5 23. Qxf5 Be5 24. Nxe5 dxe5 25. g4 Qe7 26. h4 g6 27. Qf2 Rad8 28. g5 hxg5 29. hxg5 Qxg5 30. Qa7 Qe7 31. Rh1 Kg7 32. a4 Rh8 33. axb5 axb5 34. Rxh8 Rxh8 35. Bxb5 Ra8 36. Qe3 Qb4 37. c4 Rh8 38. Ka2 Ra8+ 39. Kb1 Rh8 40. Ka2 Bc6 41. Qe1 Qc5 42. Qe2 Bxb5 43. cxb5 Rh3 44. Kb1 Qb4 45. Rc1 Rb3 46. Rh1 Ra3 47. b6 Ra4 48. Rh3 Qxb6 49. Qe3 Qxe3 50. Rxe3 g5 51. b3 Rd4 52. Kb2 g4 53. Kc3 Kg6 54. b4 Kg5 55. b5 Kh4 56. Re1 g3 57. b6 g2 58. Rb1 Kg3 59. b7 Rd8 60. Kc4 Rb8 61. Kd5 Kh2 0-1

[Event "TCh-CHN Div A Finals"]
[Site "Shaoxing"]
[Date "2024.12.02"]
[Round "1.1"]
[White "Zhang, Di"]
[Black "Lin, Chen"]
[Result "1-0"]
[WhiteElo "2402"]
[BlackElo "2470"]
[PlyCount "71"]
[EventDate "2024.12.02"]
[EventType "team-k.o."]
[EventRounds "4"]
[EventCountry "CHN"]
[SourceTitle "CB50_2024"]
[SourceDate "2024.11.01"]
[SourceVersion "1"]
[SourceVersionDate "2024.11.01"]
[SourceQuality "2"]
[WhiteTeam "Beijing"]
[BlackTeam "Jiangshu"]
[WhiteTeamCountry "CHN"]
[BlackTeamCountry "CHN"]

1. e4 c6 2. d4 d5 3. Nc3 dxe4 4. Nxe4 Nf6 5. Nxf6+ exf6 6. Be3 Bd6 7. Bd3 0-0 8. Ne2 Bf5 9. 0-0 Bxd3 10. Qxd3 Nd7 11. c4 Re8 12. Rad1 Qa5 13. c5 Bc7 14. a3 a6 15. Nc3 Bb8 16. b4 Qd8 17. d5 Ne5 18. Qe2 cxd5 19. Nxd5 Bc7 20. Nb6 Bxb6 21. Rxd8 Bxd8 22. g3 Bc7 23. Kg2 Re7 24. Rd1 Rae8 25. h3 f5 26. Qc2 g6 27. a4 h5 28. b5 axb5 29. axb5 Bb8 30. Qc3 Kh7 31. Bg5 Rc7 32. b6 Rd7 33. Rxd7 Nxd7 34. c6 Nxb6 35. c7 Ba7 36. Qf6 1-0

[Event "CHN-ch Blitz"]
[Site "Hohhot"]
[Date "2024.11.14"]
[Round "8"]
[White "Zhang, Di"]
[Black "Li, Shilong"]
[Result "1-0"]
[WhiteElo "2093"]
[BlackElo "2549"]
[PlyCount "69"]
[EventDate "2024.11.13"]
[EventType "swiss (blitz)"]
[EventRounds "9"]
[EventCountry "CHN"]
[SourceTitle "CB49_2024"]
[SourceDate "2024.12.04"]
[SourceVersion "1"]
[SourceVersionDate "2024.12.04"]
[SourceQuality "1"]

1. e4 e5 2. Nf3 Nc6 3. Nc3 Nf6 4. Bb5 Bc5 5. 0-0 0-0 6. Nxe5 Nxe5 7. d4 Bd6 8. dxe5 Bxe5 9. Bd3 h6 10. h3 d6 11. Ne2 d5 12. f4 Bd6 13. e5 Bc5+ 14. Kh1 Ng4 15. Qe1 Ne3 16. Bxe3 Bxe3 17. Qg3 d4 18. c3 c5 19. Rad1 Qe7 20. Be4 Rd8 21. c4 Be6 22. b3 f5 23. exf6 Qxf6 24. Nc1 Bf5 25. Bd5+ Kh8 26. Nd3 Rd7 27. Nxc5 Re7 28. Nd3 Rae8 29. Ne5 Bxf4 30. Qxf4 Rxe5 31. Qxd4 Qg5 32. Qf4 Qxf4 33. Rxf4 b6 34. Rdf1 Be6 35. Rf8+ 1-0

[Event "CHN-ch Rapid"]
[Site "Hohhot"]
[Date "2024.11.12"]
[Round "3"]
[White "Chen, Peng"]
[Black "Zhang, Di"]
[Result "0-1"]
[WhiteElo "2363"]
[BlackElo "2114"]
[PlyCount "78"]
[EventDate "2024.11.12"]
[EventType "swiss (rapid)"]
[EventRounds "9"]
[EventCountry "CHN"]
[SourceTitle "CB49_2024"]
[SourceDate "2024.12.04"]
[SourceVersion "1"]
[SourceVersionDate "2024.12.04"]
[SourceQuality "1"]

1. e4 c5 2. Nf3 Nc6 3. Bb5 e6 4. 0-0 Nge7 5. Re1 a6 6. Bf1 b6 7. c3 d5 8. exd5 Nxd5 9. d4 cxd4 10. Nxd4 Nxd4 11. Qxd4 Bb7 12. Na3 Qc7 13. Bg5 h6 14. Bh4 Qc5 15. Qe5 Nxc3 16. Qf4 Nd5 17. Qg4 h5 18. Qg3 Qd6 19. Qh3 Be7 20. Nc4 Qc5 21. Bxe7 Qxe7 22. Rac1 g6 23. Qg3 0-0 24. Ne5 Rfd8 25. Bd3 h4 26. Qg4 Qf6 27. Bxg6 fxg6 28. Nxg6 Kf7 29. Ne5+ Ke7 30. Ng6+ Kd6 31. Ne5 Rg8 32. Qe4 Rac8 33. Rcd1 Rcf8 34. f3 Qf4 35. Nc4+ Kc7 36. Qxe6 Rxg2+ 37. Kxg2 Qxf3+ 38. Kg1 Qf2+ 39. Kh1 Ne3+ 0-1